The Second Phase of the Crisis IZA Research Report No. 105

Gespeichert in:
Bibliographische Detailangaben
1. Verfasser: Kahanec, Martin, 1977-
Format: Buch
Sprache:Englisch
Veröffentlicht: Bonn IZA - Institute of Labor Economics 2021
Ausgabe:1st Edition
Schlagworte:
Tags: Tag hinzufügen
Keine Tags, Fügen Sie das erste Tag hinzu!

MARC

LEADER 00000nam a2200000 4500
001 0307210
005 20250224085309.5
041 0 |a eng 
044 |a DE 
245 1 0 |a The Second Phase of the Crisis  |b IZA Research Report No. 105  |c Authors: Martin Kahanec... [et al.] 
250 |a 1st Edition 
264 1 |a Bonn  |b IZA - Institute of Labor Economics  |c 2021 
300 |a 174 s. 
610 2 0 |a trh práce 
610 2 0 |a koronavírus 
610 2 0 |a kríza 
610 2 0 |a podpora podnikania 
610 2 0 |a podmienky pracovné 
610 2 0 |a porovnanie štatistické 
100 1 |a Kahanec, Martin, 1977-